000 00268nam a2200109Ia 4500
008 190216s9999||||xx |||||||||||||| ||und||
100 _aDick A Leabo
245 0 _aBasic Statistics
260 _bOxford And Ibh Publishing Co. Pvt Ltd
650 _aStatistics
942 _cBK
999 _c5070
_d5070